000 00625nam a22002417a 4500
003 UA-OsUOA
001 54051
007 ta
008 20160519b un ||||| |||| 00| 0 ukr d
090 _a050
942 _cMG
040 _aUA-OsUOA
_bukr
_cUA-OsUOA
_dUA-OsUOA
245 _aУкраїнський Вінніпег
300 _a31 с.
955 _a3
041 _aukr
080 _a050
260 _aВінніпег
_cлютий 2016
246 3 1 _aUkrainian Winnipeg
650 7 _2UDC
999 _c434169
_d434169